Diagnòstic Social de les Escodines / Josep Alías Priego, Grup Promotor del Pla Comunitari de les Escodines
Descripción Física:
77, [29] f. : gràf., taules ; 30 cm
Otros Autores:
Pla Integral Comunitari de les Escodines
MARC
| LEADER | 00000nam a2200000Ia 4500 | ||
|---|---|---|---|
| 001 | 20609 | ||
| 008 | 160829s1999] xx 000 0 cat d | ||
| 080 | |a M-6-63 | ||
| 100 | |a Alías Priego, Josep |9 47641 | ||
| 245 | |a Diagnòstic Social de les Escodines / Josep Alías Priego, Grup Promotor del Pla Comunitari de les Escodines | ||
| 260 | |a [s.l. : |b s.n., |c 1999] | ||
| 300 | |a 77, [29] f. : |b gràf., taules ; |c 30 cm | ||
| 590 | |a Prové de G-225. | ||
| 590 | |a Annexos. | ||
| 590 | |a Subvencionat pel Patronat Flor del Maig. | ||
| 590 | |a Amb la col.laboració de l'Ajuntament de Manresa | ||
| 650 | 0 | |a Vida comunitària |z Manresa (Catalunya) |9 47642 | |
| 650 | |a Barris |x Manresa |x Estudi de casos |9 47643 | ||
| 700 | |a Pla Integral Comunitari de les Escodines |9 47644 | ||
| 710 | 1 | |a Manresa (Catalunya). |b Ajuntament |9 51573 | |
| 901 | |a Arxiu | ||
| 942 | |n 1 | ||
| 952 | |0 0 |1 0 |4 0 |6 M663 |7 1 |9 54014 |a Arxiu |b Arxiu |d 2016-12-01 |l 0 |o M-6-63 |p 20609 |r 2016-12-01 00:00:00 |w 2016-12-01 |y ARXIU | ||
| 999 | |c 57882 |d 57882 | ||